Municipis de la comarca del Berguedà (Catalunya) - Statistics

General Stats
  • This quiz has been taken 434 times
  • The average score is 22 of 31
Answer Stats
Hint Answer % Correct
B Berga
98%
CdnH Castellar de n'Hug
89%
G Gironella
86%
GdB Guardiola de Berguedà
86%
LPdL La Pobla de Lillet
84%
B Bagà
82%
G Gósol
81%
LNdB La Nou de Berguedà
81%
PR Puig-Reig
77%
B Borredà
76%
SJdF Sant Jaume de Frontanyà
76%
C Cercs
74%
A Avià
73%
S Saldes
73%
Q La Quar
71%
G Gisclareny
70%
O Olvan
68%
C Casserres
66%
F Fígols
66%
SJdC Sant Julià de Cerdanyola
63%
V Vilada
63%
CdR Castellar del Riu
62%
CdlA Castell de l'Areny
59%
SMdM Santa Maria de Merlès
59%
V Vallcebre
59%
E L'Espunyola
57%
VS Viver i Serrateix
57%
M Montmajor
56%
M Montclar
54%
C Capolat
52%
S Sagàs
51%
No matching quizzes found
Score Distribution
Percent of People with Each Score
Percentile by Number Answered
Your Score History
You have not taken this quiz